[Event "ch-ROU 2018"]
[Site "Olanesti ROU"]
[Date "2018.05.22"]
[Round "9.11"]
[White "Sava, Bogdan"]
[Black "Vasiesiu, Victor"]
[Result "1/2-1/2"]
[WhiteElo "2099"]
[BlackElo "2327"]
[PlyCount "57"]
[EventDate "2018.05.14"]

1. d4 Nf6 2. Bf4 c5 3. e3 d5 4. Nf3 Nc6 5. c3 e6 6. Bd3 Be7 7. Nbd2 cxd4 8.
exd4 Nh5 9. Be3 f5 10. Ne5 Nf6 11. Ndf3 Nxe5 12. Nxe5 O-O 13. O-O Bd7 14. Nxd7
Qxd7 15. Bf4 Bd6 16. Bxd6 Qxd6 17. Qe2 Rae8 18. Rfe1 Ng4 19. g3 Rf6 20. Bxf5
Nxf2 21. Bxh7+ Kxh7 22. Qh5+ Rh6 23. Qxe8 Ng4 24. Qf7 Nxh2 25. Re5 Ng4 26. Rae1
Nxe5 27. Rxe5 Qb8 28. Rg5 Qg8 29. Qe7 1/2-1/2

[Event "ch-ROU 2018"]
[Site "Olanesti ROU"]
[Date "2018.05.17"]
[Round "4.19"]
[White "Bobocea, Laurentiu-Vlad"]
[Black "Sava, Bogdan"]
[Result "1/2-1/2"]
[WhiteElo "1853"]
[BlackElo "2099"]
[PlyCount "56"]
[EventDate "2018.05.14"]

1. d4 Nf6 2. c4 g6 3. Nc3 d5 4. Nf3 Bg7 5. Qb3 dxc4 6. Qxc4 a6 7. e4 b5 8. Qb3
Bb7 9. e5 Nd5 10. Ne4 Nb6 11. Bd3 O-O 12. Be3 Bd5 13. Qc2 N8d7 14. Rc1 Ra7 15.
h4 Nc4 16. b3 Nxe3 17. fxe3 f6 18. e6 Bxe6 19. h5 Bf7 20. hxg6 hxg6 21. Nc5
Nxc5 22. Qxc5 Ra8 23. Nh4 Qd6 24. Qxd6 cxd6 25. Bxg6 Rfc8 26. Kd2 e6 27. Bh7+
Kf8 28. Ng6+ Ke8 1/2-1/2

[Event "ch-ROU 2018"]
[Site "Olanesti ROU"]
[Date "2018.05.16"]
[Round "3.21"]
[White "Sava, Bogdan"]
[Black "Muller, Wilhelm"]
[Result "1-0"]
[WhiteElo "2099"]
[BlackElo "1896"]
[PlyCount "139"]
[EventDate "2018.05.14"]

1. d4 d6 2. e4 Nd7 3. Nc3 e5 4. Nf3 Ne7 5. Bc4 exd4 6. Nxd4 Ne5 7. Be2 N7c6 8.
Be3 Nxd4 9. Bxd4 Nc6 10. O-O Be6 11. Bb5 a6 12. Bxc6+ bxc6 13. Re1 f6 14. Qe2
Be7 15. Rad1 O-O 16. e5 Bf7 17. exd6 Bxd6 18. Bc5 Re8 19. Qf1 Rxe1 20. Qxe1 Qe8
21. Bxd6 Qxe1+ 22. Rxe1 cxd6 23. f3 Rb8 24. b3 Kf8 25. Kf2 Re8 26. Ne4 Re6 27.
Rd1 Ke7 28. Rd4 Bg6 29. Ra4 Bxe4 30. fxe4 d5 31. exd5 cxd5 32. Rg4 g6 33. c4
dxc4 34. Rxc4 Kd7 35. Rc5 h5 36. Rc4 Rc6 37. Rd4+ Ke6 38. Ra4 Kd7 39. h4 Kc7
40. Ke3 Kb6 41. Rb4+ Kc7 42. Kd3 Rd6+ 43. Ke3 Re6+ 44. Kf3 Rc6 45. Ra4 Rc3+ 46.
Kf4 Kb6 47. Re4 Rc2 48. Re6+ Rc6 49. Re3 Rc2 50. Rg3 Rxa2 51. Rxg6 Kb5 52. g4
hxg4 53. h5 Rh2 54. Kxg4 a5 55. Rxf6 Rg2+ 56. Kh3 Rg8 57. Kh4 Rb8 58. h6 Kc5
59. h7 Rh8 60. Rf7 Kb4 61. Rb7+ Kc3 62. Kg3 Rxh7 63. Rxh7 Kxb3 64. Rb7+ Kc3 65.
Ra7 Kb4 66. Kf3 a4 67. Ke2 a3 68. Kd2 Kb3 69. Kc1 a2 70. Ra8 1-0

[Event "ch-ROU 2018"]
[Site "Olanesti ROU"]
[Date "2018.05.15"]
[Round "2.17"]
[White "Berechet, Stefan-Mario"]
[Black "Sava, Bogdan"]
[Result "1-0"]
[WhiteElo "1879"]
[BlackElo "2099"]
[PlyCount "101"]
[EventDate "2018.05.14"]

1. c4 Nf6 2. Nf3 c5 3. Nc3 Nc6 4. a3 g6 5. Rb1 a5 6. g3 Bg7 7. Bg2 O-O 8. O-O
d6 9. d3 Bd7 10. Bd2 Re8 11. h3 Qc8 12. Kh2 Ra6 13. e4 e5 14. Ne1 Nh5 15. Nd5
Ne7 16. Nxe7+ Rxe7 17. Qe2 Ra8 18. Nc2 Re8 19. Ne3 Be6 20. Rfc1 Qd7 21. b4 cxb4
22. axb4 a4 23. b5 Nf6 24. Ra1 Ra7 25. Ra3 Rea8 26. Rca1 Ne8 27. Nd1 f5 28. f3
h5 29. Nc3 f4 30. g4 hxg4 31. fxg4 Nf6 32. Rxa4 Rxa4 33. Rxa4 Rf8 34. Bf3 Kf7
35. Nd5 Rh8 36. Nxf6 Bxf6 37. Kg2 Qc7 38. Bb4 g5 39. Ra1 Kg6 40. Qf2 Qh7 41.
Rh1 Qc7 42. Qa7 Bd8 43. Qa3 Be7 44. Qa5 Qxa5 45. Bxa5 Ra8 46. Ra1 Bd8 47. Bc3
Rxa1 48. Bxa1 Bb6 49. Kf1 Bd4 50. Bxd4 exd4 51. e5 1-0

[Event "ch-ROU 2018"]
[Site "Olanesti ROU"]
[Date "2018.05.14"]
[Round "1.5"]
[White "Sava, Bogdan"]
[Black "Jianu, Vlad Cristian"]
[Result "0-1"]
[WhiteElo "2099"]
[BlackElo "2532"]
[PlyCount "64"]
[EventDate "2018.05.14"]

1. Nf3 Nf6 2. c4 e6 3. g3 a6 4. Bg2 b5 5. cxb5 axb5 6. Nd4 Ra5 7. O-O Be7 8. d3
c5 9. Nb3 Ra6 10. d4 c4 11. Nc5 Ra7 12. Nc3 b4 13. N3e4 Nd5 14. b3 c3 15. f3
Nc6 16. e3 d6 17. Na4 O-O 18. Re1 Nb6 19. Nxb6 Qxb6 20. a4 f5 21. Nf2 Bf6 22.
Ra2 Kh8 23. f4 Ne7 24. Nd3 Ra5 25. h4 Ba6 26. Kh2 Rd8 27. Bf1 Bb7 28. Qe2 Raa8
29. Bg2 Nc6 30. Qd1 Na5 31. Ra1 e5 32. Ra2 e4 0-1

[Event "Campionatul National pe echipe-DIVIZIA "]
[Site "Hotel Euro Vacanta Slanic Mol"]
[Date "2017.10.07"]
[Round "8.3"]
[White "Sava, Bogdan"]
[Black "Tunaru, Alexandru A"]
[Result "0-1"]
[WhiteElo "2098"]
[BlackElo "2204"]
[PlyCount "94"]
[EventDate "2017.09.30"]
[EventType "team"]
[EventRounds "9"]
[WhiteTeam "AC DE SAH REALITATEA HUSI"]
[BlackTeam "CS MUNCITORUL RESITA"]

1. d4 Nf6 2. c4 e5 3. dxe5 Ng4 4. Nf3 Bc5 5. e3 Nc6 6. a3 a5 7. Be2 O-O 8. O-O
Ngxe5 9. Nbd2 Re8 10. Qc2 d6 11. Nb3 Nxf3+ 12. Bxf3 Ne5 13. Be2 Qh4 14. Nxc5
dxc5 15. f3 Ra6 16. g3 Qh3 17. Rf2 Rd6 18. Bd2 Nc6 19. Re1 Bf5 20. Qc3 Red8 21.
Bf1 Qh6 22. Bc1 Bh3 23. Be2 Qg6 24. b3 h5 25. Kh1 b6 26. Rg1 Bf5 27. e4 Bh3 28.
Bf4 R6d7 29. Qa1 Nd4 30. Bd1 Ne6 31. Be2 Nd4 32. Bd1 Qc6 33. Re1 Ne6 34. Rg1 g5
35. Be5 Nd4 36. Qc1 f6 37. Bxd4 cxd4 38. e5 d3 39. exf6 d2 40. f7+ Kxf7 41. Qc2
Kg8 42. b4 axb4 43. axb4 Rd3 44. Be2 Re3 45. Qd1 g4 46. b5 Qf6 47. f4 Qf5 0-1

[Event "Campionatul National pe echipe-DIVIZIA "]
[Site "Hotel Euro Vacanta Slanic Mol"]
[Date "2017.10.05"]
[Round "6.2"]
[White "Ionescu, Constantin"]
[Black "Sava, Bogdan"]
[Result "1-0"]
[WhiteElo "2438"]
[BlackElo "2098"]
[PlyCount "123"]
[EventDate "2017.09.30"]
[EventType "team"]
[EventRounds "9"]
[WhiteTeam "CS VICTORIA TECHIRGHIOL"]
[BlackTeam "AC DE SAH REALITATEA HUSI"]

1. d4 Nf6 2. c4 e6 3. Nc3 d5 4. Bg5 Be7 5. e3 O-O 6. Nf3 Nbd7 7. Bd3 dxc4 8.
Bxc4 a6 9. a4 c5 10. O-O Qc7 11. Qe2 b6 12. d5 e5 13. e4 Re8 14. Ne1 h6 15. Bd2
Nf8 16. g3 Ng6 17. Ng2 Qa7 18. f4 Bg4 19. Qd3 Bh3 20. f5 Nf8 21. Nd1 Ng4 22.
Re1 Nh7 23. Nge3 Nhf6 24. Nxg4 Nxg4 25. Qf3 Bg5 26. Bxg5 hxg5 27. Bf1 Bxf1 28.
Qxg4 Bd3 29. Nf2 c4 30. Qxg5 Kf8 31. f6 gxf6 32. Qxf6 Kg8 33. Kg2 Qe7 34. Ng4
Rad8 35. Qxb6 Rd6 36. Qe3 Kg7 37. Nf2 Rb8 38. Nxd3 cxd3 39. Qxd3 Rxb2+ 40. Re2
Rdb6 41. Rf1 R6b3 42. Qxa6 Rb6 43. Qd3 R6b3 44. Qd1 Qb4 45. Kg1 Qd4+ 46. Ref2
Kf8 47. Kg2 Qe3 48. Qg4 Rb4 49. Qf5 Qxe4+ 50. Qxe4 Rxf2+ 51. Rxf2 Rxe4 52. Ra2
Rd4 53. a5 Rxd5 54. a6 Rd8 55. a7 Ra8 56. Kf3 Ke7 57. Ke4 f6 58. Kf5 Kd6 59.
Kxf6 e4 60. g4 e3 61. Re2 Rxa7 62. Rxe3 1-0

[Event "Campionatul National pe echipe-DIVIZIA "]
[Site "Hotel Euro Vacanta Slanic Mol"]
[Date "2017.10.04"]
[Round "5.3"]
[White "Nedelea, Ariton-Vasile"]
[Black "Sava, Bogdan"]
[Result "0-1"]
[WhiteElo "2196"]
[BlackElo "2098"]
[PlyCount "100"]
[EventDate "2017.09.30"]
[EventType "team"]
[EventRounds "9"]
[WhiteTeam "ASOCIATIA SAH CLUB BISTRITA"]
[BlackTeam "AC DE SAH REALITATEA HUSI"]

1. e4 g6 2. d4 Bg7 3. Nc3 d6 4. Be3 Nf6 5. f3 a6 6. Qd2 b5 7. Nge2 c6 8. g4 h5
9. gxh5 Nxh5 10. O-O-O Nd7 11. Bg2 Qa5 12. Ng3 Nb6 13. Nxh5 Rxh5 14. Bf1 Be6
15. a3 Nc4 16. Bxc4 Bxc4 17. Nb1 Qc7 18. f4 O-O-O 19. Qg2 Bf6 20. Nc3 Be6 21.
e5 Bg7 22. d5 Bh3 23. Qf2 c5 24. Ne4 Bd7 25. Ng5 Rf8 26. exd6 exd6 27. h4 Bg4
28. Rde1 Bf5 29. Qd2 Rhh8 30. Bf2 Qd8 31. Re2 Bg4 32. Ree1 Bf5 33. Re3 Bd4 34.
Ree1 Bg7 35. Rhg1 Qf6 36. c3 Qd8 37. b4 cxb4 38. axb4 Qc7 39. Kb2 Qc4 40. Bd4
Qxd5 41. Re7 Bxd4 42. cxd4 Kd8 43. Rge1 Rxh4 44. Ra7 f6 45. Qc3 Rh2+ 46. Kc1
Rc2+ 47. Qxc2 Bxc2 48. Ne6+ Kc8 49. Nxf8 Be4 50. Re7 Qc4+ 0-1

[Event "Campionatul National pe echipe-DIVIZIA "]
[Site "Hotel Euro Vacanta Slanic Mol"]
[Date "2017.10.02"]
[Round "3.3"]
[White "Teodorescu, Florin Cornel"]
[Black "Sava, Bogdan"]
[Result "0-1"]
[WhiteElo "2169"]
[BlackElo "2098"]
[PlyCount "74"]
[EventDate "2017.09.30"]
[EventType "team"]
[EventRounds "9"]
[WhiteTeam "CLUBUL DE SAH DIANA GALATI"]
[BlackTeam "AC DE SAH REALITATEA HUSI"]

1. Nf3 g6 2. e4 d6 3. Bc4 Nf6 4. d3 Bg7 5. O-O O-O 6. h3 c6 7. c3 d5 8. exd5
cxd5 9. Bb3 Nc6 10. Re1 Re8 11. Nbd2 Bf5 12. Nf1 d4 13. Ng3 dxc3 14. Nxf5 cxb2
15. Bxb2 gxf5 16. Bxf7+ Kxf7 17. Ng5+ Kg6 18. Ne6 Qd6 19. Qf3 Bh6 20. g4 Qd5
21. Qg3 f4 22. Nxf4+ Bxf4 23. Qxf4 Qg5 24. Qg3 Qd2 25. Rab1 Rad8 26. Red1 Qa5
27. h4 Nd4 28. Kf1 Qd5 29. Bxd4 Qxd4 30. f4 Nd5 31. f5+ Kf7 32. g5 Ne3+ 33. Ke2
Nxd1 34. g6+ hxg6 35. Qxg6+ Kf8 36. Rxd1 Qe5+ 37. Kf2 Qf4+ 0-1

[Event "Campionatul National pe echipe-DIVIZIA "]
[Site "Hotel Euro Vacanta Slanic Mol"]
[Date "2017.10.01"]
[Round "2.3"]
[White "Sava, Bogdan"]
[Black "Szabo, Attila"]
[Result "1/2-1/2"]
[WhiteElo "2098"]
[BlackElo "2305"]
[PlyCount "35"]
[EventDate "2017.09.30"]
[EventType "team"]
[EventRounds "9"]
[WhiteTeam "AC DE SAH REALITATEA HUSI"]
[BlackTeam "CS SIG-MAR SIGHETU MARMATIEI"]

1. d4 Nf6 2. c4 e6 3. Nc3 d5 4. cxd5 exd5 5. Bg5 Be7 6. e3 O-O 7. Bd3 h6 8. Bh4
c6 9. Qc2 Re8 10. Nge2 Nbd7 11. O-O Ne4 12. Bxe7 Qxe7 13. Rae1 Ndf6 14. f3 Nxc3
15. Nxc3 Be6 16. Qf2 Rad8 17. Kh1 b6 18. Rg1 1/2-1/2

[Event "Campionatul National pe echipe-DIVIZIA "]
[Site "Hotel Euro Vacanta Slanic Mol"]
[Date "2017.09.30"]
[Round "1.3"]
[White "Mozes, Ervin"]
[Black "Sava, Bogdan"]
[Result "1/2-1/2"]
[WhiteElo "2158"]
[BlackElo "2098"]
[PlyCount "79"]
[EventDate "2017.09.30"]
[EventType "team"]
[EventRounds "9"]
[WhiteTeam "CSU  ARAD"]
[BlackTeam "AC DE SAH REALITATEA HUSI"]

1. g3 d5 2. Bg2 e5 3. c4 d4 4. d3 c5 5. e3 Nc6 6. Ne2 dxe3 7. Bxe3 Bf5 8. Nc1
Nf6 9. a3 Qd7 10. Nc3 O-O-O 11. O-O Bh3 12. Re1 Bxg2 13. Kxg2 h6 14. Qf3 Nh7
15. Ne4 Nd4 16. Bxd4 cxd4 17. g4 g6 18. Kf1 Bg7 19. Nb3 Ng5 20. Qg2 Nxe4 21.
Rxe4 Qc7 22. Qf3 Rhf8 23. Nd2 f5 24. gxf5 gxf5 25. Rh4 Bf6 26. Rh5 Bg5 27. Rd1
Qf7 28. Rh3 Qd7 29. Rh5 Kb8 30. Qe2 Rde8 31. Nf3 Bf4 32. Nh4 Bxh2 33. Nxf5 Rxf5
34. Rxh2 Qg7 35. Rg2 Rg5 36. Qe4 Qf6 37. Rxg5 hxg5 38. Ke2 Rf8 39. Rf1 a6 40.
Kd2 1/2-1/2

[Event "OPEN IASI 2014"]
[Site "OPEN IASI 2014"]
[Date "2014.05.13"]
[Round "4.29"]
[White "Sava, Bogdan"]
[Black "Posedaru , Bogdan"]
[Result "0-1"]
[WhiteElo "2112"]
[BlackElo "2369"]
[PlyCount "58"]
[EventDate "2014.??.??"]

1. d4 Nf6 2. c4 g6 3. g3 Bg7 4. Bg2 O-O 5. Nf3 d6 6. O-O Nc6 7. Nc3 a6 8. b3
Rb8 9. Bb2 b5 10. cxb5 axb5 11. d5 Na5 12. Nd4 b4 13. Nb1 e5 14. dxe6 fxe6 15.
Nd2 c5 16. N4f3 Bb7 17. Rc1 Qe7 18. Qc2 Rbc8 19. Bh3 Bh6 20. Rcd1 d5 21. Ne5
Nc6 22. Ndf3 Ne4 23. Ng4 Bg7 24. Bxg7 Qxg7 25. Ne3 Rce8 26. Rc1 Nc3 27. Nd1
Rxf3 28. exf3 Nd4 29. Qb2 Nxd1 0-1

[Event "OPEN IASI 2014"]
[Site "OPEN IASI 2014"]
[Date "2014.05.12"]
[Round "3.56"]
[White "Frentescu, Ioan-Adrian"]
[Black "Sava, Bogdan"]
[Result "0-1"]
[WhiteElo "1809"]
[BlackElo "2112"]
[PlyCount "64"]
[EventDate "2014.??.??"]

1. d4 Nf6 2. c4 c5 3. d5 g6 4. Nc3 Bg7 5. d6 O-O 6. Nb5 Nc6 7. Nf3 Ne8 8. e4 a6
9. dxe7 Qxe7 10. Nc3 Nd6 11. Be3 Bxc3+ 12. bxc3 Nxe4 13. Bd3 Nxc3 14. Qc2 d5
15. O-O d4 16. Bh6 Re8 17. Rfe1 Be6 18. a3 Qf6 19. Bg5 Qg7 20. Qd2 Bg4 21. Bh6
Qf6 22. Bg5 Qd6 23. Bf4 Qd8 24. Rxe8+ Qxe8 25. Re1 Qd7 26. Ne5 Nxe5 27. Bxe5
Re8 28. Qf4 Bf5 29. g4 Bxd3 30. Qf6 Qxg4+ 31. Kh1 Be4+ 32. Rxe4 Qxe4+ 0-1

[Event "OPEN IASI 2014"]
[Site "Iasi"]
[Date "2014.05.11"]
[Round "2.28"]
[White "Sava, Bogdan"]
[Black "Aravindh, Chithambaram VR"]
[Result "0-1"]
[WhiteElo "2112"]
[BlackElo "2439"]
[PlyCount "106"]
[EventDate "2014.??.??"]

1. d4 Nf6 2. c4 e6 3. Nf3 d5 4. Nc3 Be7 5. Bf4 O-O 6. e3 Nbd7 7. a3 c5 8. cxd5
Nxd5 9. Nxd5 exd5 10. dxc5 Nxc5 11. Be5 Bf6 12. Bxf6 Qxf6 13. Qd4 Qe7 14. Rd1
Rd8 15. Be2 Bf5 16. Qf4 Bc2 17. Rd2 Be4 18. O-O Nb3 19. Rdd1 Bc2 20. Rde1 Be4
21. Rd1 Rd6 22. Bd3 Rf6 23. Qh4 Nc5 24. Bb1 h6 25. Bxe4 dxe4 26. Nd2 Re8 27. b4
Na4 28. Rc1 Rd6 29. Qxe7 Rxe7 30. Nc4 Rd3 31. Rfd1 Rc7 32. Ne5 Rxd1+ 33. Rxd1
f6 34. Ng6 Nb2 35. Ra1 Kf7 36. Nf4 Rc2 37. Kf1 g5 38. Ne2 Nd3 39. f3 exf3 40.
gxf3 Rd2 41. Rb1 Ne5 42. Kf2 g4 43. f4 Nd3+ 44. Kf1 h5 45. Rb3 Rxe2 46. Rxd3
Rxh2 47. Rd7+ Ke6 48. Rxb7 Kf5 49. Rxa7 g3 50. b5 Kg4 51. Rg7+ Kf3 52. Ke1 Rb2
53. a4 h4 0-1

[Event "OPEN IASI 2014"]
[Site "Iasi"]
[Date "2014.05.10"]
[Round "1.81"]
[White "Turcu, Vasile-Emanoil"]
[Black "Sava, Bogdan"]
[Result "0-1"]
[WhiteElo "1581"]
[BlackElo "2112"]
[PlyCount "68"]
[EventDate "2014.??.??"]

1. Nf3 Nf6 2. d3 d5 3. c3 c5 4. Qc2 Nc6 5. a3 a5 6. e4 e5 7. Bg5 Be7 8. Be2 O-O
9. O-O Be6 10. Nbd2 d4 11. c4 Ne8 12. Bxe7 Qxe7 13. h3 g6 14. Nh2 Qd6 15. Qc1
Ng7 16. g4 Bd7 17. Ndf3 Ne6 18. Qh6 f6 19. Rfe1 Nf4 20. Bf1 Nd8 21. Nh4 g5 22.
Nf5 Bxf5 23. gxf5 Nf7 24. Ng4 Nxh6 25. Nxh6+ Kg7 26. Ng4 Qb6 27. Rab1 Qb3 28.
Red1 Ra6 29. f3 Rb6 30. Nf2 Qc2 31. Rdc1 Ne2+ 32. Bxe2 Qxe2 33. Kg2 Rxb2 34.
Re1 Qxf2+ 0-1

[Event "ch-ROU 2014"]
[Site "Targu Mures ROU"]
[Date "2014.05.04"]
[Round "11.16"]
[White "Doncea, Vladimir"]
[Black "Sava, Bogdan"]
[Result "0-1"]
[WhiteElo "2405"]
[BlackElo "2113"]
[PlyCount "104"]
[EventDate "2014.04.26"]

1. d4 Nf6 2. c4 g6 3. g3 Bg7 4. Bg2 O-O 5. Nf3 c5 6. O-O d6 7. Nc3 Nc6 8. d5
Na5 9. Nd2 a6 10. Qc2 Rb8 11. b3 b5 12. Bb2 Bd7 13. Rab1 bxc4 14. bxc4 Qc7 15.
e4 Rb4 16. Ba3 Rbb8 17. h3 Nh5 18. Ne2 Rxb1 19. Rxb1 Rb8 20. Rxb8+ Qxb8 21. g4
Nf6 22. f4 Be8 23. Bb2 Qb6 24. Qc3 Nh5 25. Qc2 Nxf4 26. Bxg7 Nxe2+ 27. Kf2 Nd4
28. Bxd4 cxd4 29. Kg3 Qb4 30. Bf1 Ba4 31. Qd3 Qc3 32. Nf3 Bc2 33. Qxd4 Qxd4 34.
Nxd4 Bxe4 35. Kf4 Bh1 36. h4 Nb7 37. Ne2 e5+ 38. Ke3 f5 39. gxf5 gxf5 40. Nc3
Nc5 41. Be2 Kf7 42. Bd1 f4+ 43. Kf2 Ne4+ 44. Nxe4 Bxe4 45. Ke2 Ke7 46. Kd2 Bg2
47. Ke2 Be4 48. a3 Kd8 49. Kd2 Kc7 50. h5 h6 51. Bg4 Kb6 52. Bf5 Bxf5 0-1

[Event "Targu Mures ROM, Men Ch 2014"]
[Site "Targu Mures ROM"]
[Date "2014.05.02"]
[Round "9.16"]
[White "Szabo, Attila"]
[Black "Sava, Bogdan"]
[Result "1/2-1/2"]
[WhiteElo "2306"]
[BlackElo "2113"]
[PlyCount "103"]
[EventDate "2014.04.26"]
[EventType "swiss"]
[EventRounds "11"]
[EventCountry "ROM"]
[Source "Chess Mix"]

1. c4 Nf6 2. Nf3 c5 3. g3 g6 4. Bg2 Bg7 5. O-O O-O 6. d4 cxd4 7. Nxd4 Nc6 8.
Nc3 a6 9. e3 Qc7 10. b3 d6 11. Bb2 Bd7 12. Rc1 Qa5 13. Qd2 Rac8 14. Rfd1 Rfe8
15. h3 Rb8 16. a3 Rec8 17. Kh2 Kf8 18. Nce2 Kg8 19. Nf4 Re8 20. Nd5 Nxd5 21.
cxd5 Na7 22. h4 h5 23. Bh3 Bxh3 24. Kxh3 Rbc8 25. b4 Qd8 26. Kg2 Qd7 27. Ne2
Bxb2 28. Qxb2 Qf5 29. Qb3 Rxc1 30. Rxc1 Rc8 31. Rxc8+ Qxc8 32. a4 Qc7 33. e4
Nc8 34. Qc3 Qxc3 35. Nxc3 Kf8 36. Kf3 Ke8 37. Kf4 Nb6 38. Kg5 Kf8 39. Kh6 Nd7
40. a5 Ne5 41. f4 Ng4+ 42. Kh7 Nf6+ 43. Kh8 Nd7 44. Nd1 Nf6 45. Nf2 Nd7 46. g4
hxg4 47. Nxg4 f5 48. Ne3 fxe4 49. Kh7 Kf7 50. Kh6 Kf6 51. Kh7 Kf7 52. Kh6
1/2-1/2

[Event "Targu Mures ROM, Men Ch 2014"]
[Site "Targu Mures ROM"]
[Date "2014.05.01"]
[Round "8.15"]
[White "Sava, Bogdan"]
[Black "Duca, Alexandru-Gabriel"]
[Result "1/2-1/2"]
[WhiteElo "2113"]
[BlackElo "2307"]
[PlyCount "47"]
[EventDate "2014.04.26"]
[EventType "swiss"]
[EventRounds "11"]
[EventCountry "ROM"]
[Source "Chess Mix"]

1. c4 d6 2. d4 g6 3. Nc3 Bg7 4. g3 Nd7 5. Bg2 e5 6. Nf3 Ne7 7. O-O O-O 8. d5 h6
9. e4 f5 10. Ne1 f4 11. Nd3 g5 12. b4 a5 13. Ba3 g4 14. Re1 Nb6 15. Nb2 Nd7 16.
Nd3 axb4 17. Bxb4 b6 18. a4 Nf6 19. a5 fxg3 20. fxg3 Ba6 21. Nb5 c5 22. dxc6
Nxc6 23. Bxd6 bxa5 24. Bxf8 1/2-1/2

[Event "Targu Mures ROM, Men Ch 2014"]
[Site "Targu Mures ROM"]
[Date "2014.05.01"]
[Round "7.17"]
[White "Voiteanu, Cristian Gabriel"]
[Black "Sava, Bogdan"]
[Result "1/2-1/2"]
[WhiteElo "2273"]
[BlackElo "2113"]
[PlyCount "70"]
[EventDate "2014.04.26"]
[EventType "swiss"]
[EventRounds "11"]
[EventCountry "ROM"]
[Source "Chess Mix"]

1. d4 Nf6 2. c4 g6 3. Nc3 Bg7 4. e4 d6 5. f4 O-O 6. Nf3 c5 7. dxc5 dxc5 8. Bd3
Nc6 9. e5 Nb4 10. Bb1 Qxd1+ 11. Nxd1 Ne8 12. Be3 b6 13. Be4 Rb8 14. a3 Na6 15.
h4 h5 16. b4 Nd6 17. exd6 Bxa1 18. b5 exd6 19. bxa6 Bxa6 20. Bd5 Bb7 21. Bxb7
Rxb7 22. f5 b5 23. cxb5 Rxb5 24. O-O Re8 25. Bf4 Rb1 26. Ne3 Rxf1+ 27. Kxf1 Be5
28. Bxe5 dxe5 29. fxg6 fxg6 30. Nc4 e4 31. Ng5 Rd8 32. Nxe4 Rd4 33. Ncd2 Ra4
34. Nxc5 Rxa3 35. Ke2 Rg3 1/2-1/2

[Event "Targu Mures ROM, Men Ch 2014"]
[Site "Targu Mures ROM"]
[Date "2014.04.30"]
[Round "6.26"]
[White "Sava, Bogdan"]
[Black "Comsa, Razvan Lucian"]
[Result "1-0"]
[WhiteElo "2113"]
[BlackElo "1708"]
[PlyCount "119"]
[EventDate "2014.04.26"]
[EventType "swiss"]
[EventRounds "11"]
[EventCountry "ROM"]
[Source "Chess Mix"]

1. d4 Nf6 2. c4 g6 3. Nf3 d6 4. Nc3 Bg7 5. g3 O-O 6. Bg2 a6 7. O-O Nc6 8. b3
Rb8 9. Bb2 Bd7 10. Rc1 e5 11. dxe5 Nxe5 12. Nxe5 dxe5 13. Ba3 Re8 14. Qc2 Qc8
15. Nd5 c5 16. Nb6 Qc7 17. Nxd7 Nxd7 18. Rcd1 Rbd8 19. Rd2 Bf8 20. Rfd1 b6 21.
Bb2 Re6 22. Bh3 Rd6 23. Rxd6 Bxd6 24. Qd3 Nf6 25. Bxe5 Ne8 26. Bb2 Be7 27. Qc2
Rd6 28. Rd3 Qd8 29. Bg2 Rxd3 30. Qxd3 Qxd3 31. exd3 Bf6 32. Bxf6 Nxf6 33. Kf1
Kf8 34. Ke2 Ke7 35. Bh3 Kd6 36. Ke3 a5 37. d4 h6 38. Kd3 Ne8 39. Bc8 Nc7 40. f4
Ne8 41. a3 Kc7 42. Bh3 Kd6 43. Kc3 Nf6 44. Kd3 Ne8 45. Bg2 Nf6 46. Bf3 Ne8 47.
Bd5 Ke7 48. Kc3 f6 49. b4 axb4+ 50. axb4 cxb4+ 51. Kxb4 Nc7 52. Bb7 g5 53. fxg5
fxg5 54. c5 bxc5+ 55. Kxc5 Kd7 56. d5 Kd8 57. Bc6 h5 58. Kb6 h4 59. g4 h3 60.
Kb7 1-0

[Event "Targu Mures ROM, Men Ch 2014"]
[Site "Targu Mures ROM"]
[Date "2014.04.29"]
[Round "5.16"]
[White "Bida, Mihai Eugen"]
[Black "Sava, Bogdan"]
[Result "1-0"]
[WhiteElo "2262"]
[BlackElo "2113"]
[PlyCount "73"]
[EventDate "2014.04.26"]
[EventType "swiss"]
[EventRounds "11"]
[EventCountry "ROM"]
[Source "Chess Mix"]

1. d4 Nf6 2. c4 e6 3. Nc3 Bb4 4. e3 d5 5. cxd5 exd5 6. Bd3 O-O 7. Nge2 c6 8.
O-O Re8 9. f3 b6 10. a3 Bxc3 11. bxc3 Ba6 12. Bb1 Nbd7 13. Re1 Nf8 14. Ng3 Qc7
15. e4 dxe4 16. fxe4 Ne6 17. e5 Nd5 18. c4 Ne7 19. Bb2 Rad8 20. Qc2 Ng6 21. Nf5
b5 22. c5 Nef4 23. Nd6 Re7 24. Ba2 Ne6 25. Rf1 Bc8 26. Rf2 Rf8 27. Raf1 Nd8 28.
Bc1 Ba6 29. Bb1 Nb7 30. h4 Rb8 31. h5 Nf8 32. Qe4 Rd7 33. Qh4 Nxd6 34. cxd6 Qb6
35. h6 Ng6 36. Bxg6 fxg6 37. hxg7 1-0

[Event "ChampionshipRomania"]
[Site "?"]
[Date "2014.04.28"]
[Round "?"]
[White "Sava, Bogdan"]
[Black "Meleg, Victor"]
[Result "1-0"]
[WhiteElo "2112"]
[BlackElo "1754"]
[PlyCount "97"]
[EventDate "2014.??.??"]

1. c4 g6 2. g3 Bg7 3. Bg2 c6 4. Nc3 Nf6 5. Nf3 d6 6. d4 Na6 7. O-O O-O 8. Re1
Nc7 9. e4 Bg4 10. h3 Bxf3 11. Bxf3 e5 12. d5 cxd5 13. cxd5 Qd7 14. Bg2 h6 15.
Be3 b6 16. Rc1 Rac8 17. Qe2 g5 18. a4 Rfd8 19. Nb5 Nxb5 20. axb5 Rxc1 21. Rxc1
Rc8 22. Rc6 Rc7 23. Qc4 Ne8 24. Bf3 Rxc6 25. bxc6 Qc7 26. Qa6 Bf6 27. Qb7 Bd8
28. Qa6 Kg7 29. Bg4 Nf6 30. Bf5 Kf8 31. h4 Ne8 32. hxg5 hxg5 33. Qe2 Qe7 34.
Qa6 Qc7 35. Kg2 Kg7 36. f3 Kf8 37. b4 f6 38. Bd7 Ng7 39. b5 Qb8 40. Qa1 Bc7 41.
Qh1 Ke7 42. Qa1 Bd8 43. Bd2 Bc7 44. Bb4 Ne8 45. Bxe8 Qxe8 46. Qh1 Qd8 47. Qh8
Kf7 48. Qxd8 Bxd8 49. Kf2 1-0

[Event "Ch Romania"]
[Site "Targu Mures (Romania)"]
[Date "2014.04.27"]
[Round "3"]
[White "Marchidan, Costica"]
[Black "Sava, Bogdan"]
[Result "1/2-1/2"]
[WhiteElo "1820"]
[BlackElo "2112"]
[PlyCount "60"]
[EventDate "2014.??.??"]

1. d4 Nf6 2. Nf3 e6 3. c4 b6 4. g3 Bb7 5. Bg2 Be7 6. O-O O-O 7. Nc3 Ne4 8. Qc2
Nxc3 9. Qxc3 d6 10. b4 Nd7 11. Bb2 Nf6 12. Rad1 Qe8 13. Nd2 Bxg2 14. Kxg2 a5
15. b5 c6 16. a4 d5 17. cxd5 cxd5 18. Qe3 Rc8 19. Rc1 Qd7 20. Nf3 Bd6 21. Ne5
Qb7 22. Nc6 Kh8 23. Ba3 Ne4 24. Rc2 Rfe8 25. Rfc1 Bb8 26. h4 Nd6 27. Ne5 Nc4
28. Nxc4 Rxc4 29. Rxc4 dxc4+ 30. Qf3 Qd5 1/2-1/2

[Event "Targu Mures ROM, Men Ch 2014"]
[Site "Targu Mures ROM"]
[Date "2014.04.27"]
[Round "2.20"]
[White "Sava, Bogdan"]
[Black "Posedaru , Bogdan"]
[Result "0-1"]
[WhiteElo "2113"]
[BlackElo "2381"]
[PlyCount "74"]
[EventDate "2014.04.26"]
[EventType "swiss"]
[EventRounds "11"]
[EventCountry "ROM"]
[Source "Chess Mix"]

1. c4 e6 2. Nf3 d5 3. d4 c6 4. Nbd2 f5 5. e3 Nf6 6. Bd3 Bd6 7. O-O O-O 8. b3
Nbd7 9. Bb2 b6 10. Ne5 Bb7 11. Qe2 Ne4 12. f4 Qe7 13. Rac1 Rac8 14. Ndf3 Ndf6
15. Rc2 c5 16. Rd1 cxd4 17. exd4 dxc4 18. bxc4 Rfd8 19. Rcc1 Nh5 20. g3 Nhf6
21. Re1 Qe8 22. Qd1 Qh5 23. a3 Nxg3 24. Ng5 Bxe5 25. Qxh5 Bxd4+ 26. Bxd4 Ngxh5
27. Nxe6 Rxd4 28. Nxd4 Rd8 29. Nxf5 Rxd3 30. Red1 Nxf4 31. Rxd3 Nxd3 32. Rd1
Be4 33. Nd6 Nc5 34. Nc8 Ng4 35. Rd8+ Kf7 36. Nxa7 Ne5 37. Rd4 Nf3+ 0-1